000 01109nam a2200229Ia 4500
001 L912-40812
003 IT-CnALBA
008 170116s9999||||xx |||||||||||||| ||und||
040 _aIT-CnALBA
_cIT-CnALBA
041 _aITALIANO
100 _aMATTEI UGO
245 0 _aDALLE ALPI ALLA CITTÀ DEL CAPO. MEMORIE DI UN VAGABONDO.
250 _a1a ed.
260 _aMILANO
_bAMBROSIANA. CASA EDITRICE
_c1911 [1° Ed.:1911 - Ed.Ling.Originale: 1911]
300 _a264 p.
500 _aPREFAZIONE. VITA DI MISERIA. LELLO VERSO NEW YORK. IMBARCO COME MOZZO SUL S. GIORGIO. VITA A BORDO. IN AMERICA. RITORNO A GENOVA. PARTENZA PER MONTEVIDEO. ESPATRIO. RITORNO IN ITALIA. SARDEGNA.
501 _aSocietà San Paolo EM - Piazza San Paolo, 14 - 12051 ALBA (CN) (non commercial uses only) ® Copyright 2017
520 _aPREFAZIONE. VITA DI MISERIA. LELLO VERSO NEW YORK. IMBARCO COME MOZZO SUL S. GIORGIO. VITA A BORDO. IN AMERICA. RITORNO A GENOVA. PARTENZA PER MONTEVIDEO. ESPATRIO. RITORNO IN ITALIA. SARDEGNA.
650 _aCARTE GEOGR.- ESPLORAZIONI E TURISMO
942 _cBK
957 _71
999 _a45900
_bSI
_g Copie: 1
_c299780
_d299780